| 000 | 00450nam a2200181 a 4500 | ||
|---|---|---|---|
| 005 | 20140414093826.0 | ||
| 008 | 080515s19uu xx uuu eng d | ||
| 020 | _a0-394-84828-4 | ||
| 050 |
_aKF 808.3 _bS6 c2000 |
||
| 100 | _aStoker, Bram | ||
| 245 | _aDracula. | ||
| 250 | _ac1982. | ||
| 260 |
_aNew York : _bA Stepping Stone Book Classic, _cc2000. |
||
| 300 | _a94p.: ills.; cm. | ||
| 650 | _aFiction. | ||
| 942 | _cAVM | ||
| 999 |
_c108462 _d108462 |
||